[Event "Australian op"]
[Site "Brisbane"]
[Date "2017.01.04"]
[Round "4"]
[White "Boyd, Tristan"]
[Black "Ly, Moulthun"]
[Result "1/2-1/2"]
[WhiteElo "2287"]
[BlackElo "2508"]
[PlyCount "81"]
[EventDate "2017.01.02"]
[EventType "swiss"]
[EventRounds "11"]
[EventCountry "AUS"]
[SourceTitle "CBM 176 Extra"]
[Source "ChessBase"]
[SourceDate "2017.03.02"]
[SourceVersion "1"]
[SourceVersionDate "2017.03.02"]
[SourceQuality "1"]

1. d4 g6 2. e4 Bg7 3. Nc3 d6 4. Be3 a6 5. Qd2 Nd7 6. Nf3 b5 7. a4 b4 8. Ne2 a5 9. h3 Bb7 10. Ng3 Ngf6 11. Bd3 0-0 12. Bh6 e5 13. 0-0 exd4 14. Nxd4 Nc5 15. Rfe1 Bxh6 16. Qxh6 Kh8 17. Qf4 Nxd3 18. cxd3 Nd7 19. Nf3 Nc5 20. Qh6 f6 21. d4 Ne6 22. b3 Qe7 23. Qe3 Rae8 24. Qd3 c6 25. Nf1 Qd8 26. N1d2 f5 27. exf5 Rxf5 28. Re3 Nf4 29. Qc2 Ref8 30. Rae1 R5f7 31. Kh2 Kg8 32. Ne4 Nd5 33. R3e2 Rf5 34. Ng3 Rxf3 35. gxf3 Nf4 36. Re7 Qc8 37. Nf5 Ba6 38. Nh6+ Kh8 39. Nf7+ Kg8 40. Nh6+ Kh8 41. Nf7+ 1/2-1/2

[Event "West Australia-ch op"]
[Site "Perth"]
[Date "2016.07.09"]
[Round "2"]
[White "Boyd, Tristan"]
[Black "Ellis, David"]
[Result "1-0"]
[WhiteElo "2287"]
[BlackElo "2002"]
[PlyCount "57"]
[EventDate "2016.06.26"]
[EventType "swiss"]
[EventRounds "7"]
[EventCountry "AUS"]
[SourceTitle "EXT 2018"]
[Source "ChessBase"]
[SourceDate "2017.10.13"]
[SourceVersion "1"]
[SourceVersionDate "2017.10.13"]
[SourceQuality "1"]

1. d4 e6 2. c4 Bb4+ 3. Nc3 Bxc3+ 4. bxc3 f5 5. e3 Nf6 6. Bd3 0-0 7. f3 c5 8. Nh3 d6 9. Qc2 Nc6 10. 0-0 Bd7 11. Bb2 Qc7 12. Rae1 g6 13. e4 fxe4 14. Bxe4 Nxe4 15. Qxe4 e5 16. Nf2 Bf5 17. Qe2 Qf7 18. d5 Nd8 19. g4 Bd7 20. Ne4 Qe7 21. Bc1 Nf7 22. g5 Bh3 23. Rf2 Kh8 24. Kh1 Bf5 25. Nf6 h5 26. f4 Qc7 27. fxe5 Nxe5 28. Rxf5 Ng4 29. Rff1 1-0

[Event "West Australia-ch op"]
[Site "Perth"]
[Date "2016.06.26"]
[Round "1"]
[White "Dunlop, Gordon"]
[Black "Boyd, Tristan"]
[Result "0-1"]
[WhiteElo "1814"]
[BlackElo "2287"]
[PlyCount "92"]
[EventDate "2016.06.26"]
[EventType "swiss"]
[EventRounds "7"]
[EventCountry "AUS"]
[SourceTitle "EXT 2018"]
[Source "ChessBase"]
[SourceDate "2017.10.13"]
[SourceVersion "1"]
[SourceVersionDate "2017.10.13"]
[SourceQuality "1"]

1. e4 c5 2. Nf3 d6 3. d4 cxd4 4. Nxd4 Nf6 5. Nc3 a6 6. Be3 e5 7. Nb3 Be6 8. f3 Be7 9. Qd2 Nbd7 10. 0-0-0 b5 11. g4 Nb6 12. g5 Nfd7 13. Nd5 Bxd5 14. exd5 Rc8 15. h4 Nc4 16. Bxc4 bxc4 17. Na1 c3 18. bxc3 Nb6 19. Bxb6 Qxb6 20. Qd3 0-0 21. Kd2 Qf2+ 22. Qe2 Qxe2+ 23. Kxe2 Rxc3 24. Rd3 Rxd3 25. Kxd3 f6 26. gxf6 Rxf6 27. Rh3 Rf4 28. Nb3 Bxh4 29. c4 Bg5 30. Kc3 e4 31. fxe4 Rxe4 32. Kd3 Re5 33. Nd4 Bf6 34. Nc6 Re1 35. Re3 Rxe3+ 36. Kxe3 Kf7 37. a4 Ke8 38. Nb4 a5 39. Nd3 Bd8 40. Ne1 Ke7 41. Kf4 Kf6 42. Nf3 h6 43. Kg4 Bb6 44. Kf4 g5+ 45. Kg4 Kg6 46. Kg3 Kf5 0-1

[Event "Doeberl Cup 54th"]
[Site "Canberra"]
[Date "2016.03.27"]
[Round "8"]
[White "Boyd, Tristan"]
[Black "Bjelobrk, Igor"]
[Result "0-1"]
[WhiteElo "2260"]
[BlackElo "2392"]
[PlyCount "96"]
[EventDate "2016.03.24"]
[EventType "swiss"]
[EventRounds "9"]
[EventCountry "AUS"]
[SourceTitle "CBM 171 Extra"]
[Source "ChessBase"]
[SourceDate "2016.04.26"]
[SourceVersion "1"]
[SourceVersionDate "2016.04.26"]
[SourceQuality "1"]

1. d4 Nf6 2. c4 e6 3. Nc3 Bb4 4. e3 d5 5. cxd5 exd5 6. Bd3 0-0 7. Nge2 Re8 8. 0-0 Bd6 9. Nf4 Bxf4 10. exf4 b6 11. f5 Ba6 12. Bxa6 Nxa6 13. Bg5 c6 14. Qa4 Qc8 15. Bxf6 gxf6 16. Rae1 Rxe1 17. Rxe1 b5 18. Qa5 Qb7 19. Nd1 b4 20. Qa4 Nc7 21. Ne3 Re8 22. Rc1 Nb5 23. Qxb4 Re4 24. a4 Rxd4 25. Qb3 Nd6 26. Qc3 c5 27. Qxc5 Qxb2 28. Rf1 Ne4 29. Qxa7 Qd2 30. h4 Kg7 31. Qc7 h5 32. Qf4 Nc3 33. Qg3+ Rg4 34. Qh3 Rxa4 35. g3 d4 36. Ng2 Ne2+ 37. Kh1 Ra3 38. Ne1 Nf4 39. Qh2 Ra1 40. gxf4 Kh7 41. Qg1 Qe2 42. Kg2 Qg4+ 43. Kh2 Qxh4+ 44. Kg2 Ra3 45. f3 Ra8 46. Rf2 Rg8+ 47. Kf1 Rxg1+ 48. Kxg1 Qxf4 0-1

[Event "Doeberl Cup 54th"]
[Site "Canberra"]
[Date "2016.03.25"]
[Round "3"]
[White "Melkumyan, Hrant"]
[Black "Boyd, Tristan"]
[Result "1-0"]
[WhiteElo "2653"]
[BlackElo "2260"]
[PlyCount "83"]
[EventDate "2016.03.24"]
[EventType "swiss"]
[EventRounds "9"]
[EventCountry "AUS"]
[SourceTitle "CBM 171 Extra"]
[Source "ChessBase"]
[SourceDate "2016.04.26"]
[SourceVersion "1"]
[SourceVersionDate "2016.04.26"]
[SourceQuality "1"]

1. Nf3 Nf6 2. c4 g6 3. Nc3 Bg7 4. e4 d6 5. d4 0-0 6. h3 e5 7. d5 Na6 8. Be3 Nc5 9. Nd2 a5 10. g4 c6 11. Be2 a4 12. a3 Qa5 13. Qc2 Bd7 14. g5 Ne8 15. h4 Nc7 16. Rg1 cxd5 17. cxd5 b5 18. Bxc5 dxc5 19. h5 Ne8 20. Nd1 Nd6 21. Ne3 f5 22. h6 Bh8 23. f3 c4 24. Qc3 Qd8 25. 0-0-0 f4 26. Nc2 Nf7 27. Nb4 Rc8 28. Nc6 Bxc6 29. dxc6 Rxc6 30. Qb4 c3 31. bxc3 Qd4 32. Bc4 Qe3 33. Bxf7+ Rxf7 34. Kb2 Rd7 35. Nb1 Qe2+ 36. Ka1 Rxd1 37. Rxd1 Qxd1 38. Qe7 Qd6 39. Qe8+ Qf8 40. Qxc6 Qd8 41. Qxb5 Kf7 42. Qc4+ 1-0

[Event "Doeberl Cup 54th"]
[Site "Canberra"]
[Date "2016.03.24"]
[Round "1"]
[White "Quek, Shi Ning Kristine"]
[Black "Boyd, Tristan"]
[Result "0-1"]
[WhiteElo "1945"]
[BlackElo "2260"]
[PlyCount "80"]
[EventDate "2016.03.24"]
[EventType "swiss"]
[EventRounds "9"]
[EventCountry "AUS"]
[SourceTitle "EXT 2018"]
[Source "ChessBase"]
[SourceDate "2017.10.13"]
[SourceVersion "1"]
[SourceVersionDate "2017.10.13"]
[SourceQuality "1"]

1. e4 c5 2. Nf3 d6 3. d4 cxd4 4. Nxd4 Nf6 5. Nc3 a6 6. Be2 e5 7. Nb3 Be7 8. 0-0 0-0 9. Be3 Be6 10. f4 exf4 11. Bxf4 Nc6 12. Kh1 Rc8 13. Nd4 Nxd4 14. Qxd4 Ne8 15. Rad1 Qa5 16. Nd5 Bxd5 17. Qxd5 Qxd5 18. exd5 Rxc2 19. Rd2 Rc7 20. Be3 Nf6 21. Bb6 Rcc8 22. Bf3 Nd7 23. Bd4 Rc7 24. Bg4 Bf6 25. Bxd7 Bxd4 26. Bg4 Be5 27. g3 g6 28. Bd1 Rfc8 29. Rff2 Rc1 30. Rd3 Ra1 31. Kg2 Rxa2 32. Rdd2 Ra1 33. Bf3 Rcc1 34. Kh3 Kg7 35. g4 Ra2 36. Be4 Re1 37. Bd3 Bd4 38. Rg2 Re3+ 39. Kh4 Rxb2 40. Rxb2 Bxb2 0-1

[Event "Doeberl Cup 52nd"]
[Site "Canberra"]
[Date "2014.04.20"]
[Round "8"]
[White "Ly, Moulthun"]
[Black "Boyd, Tristan"]
[Result "1-0"]
[WhiteElo "2440"]
[BlackElo "2267"]
[PlyCount "87"]
[EventDate "2014.04.17"]
[EventType "swiss"]
[EventRounds "9"]
[EventCountry "AUS"]
[SourceTitle "CBM 159 Extra"]
[Source "ChessBase"]
[SourceDate "2014.04.24"]
[SourceVersion "1"]
[SourceVersionDate "2014.04.24"]
[SourceQuality "1"]

1. e4 c5 2. Nf3 d6 3. d4 cxd4 4. Qxd4 a6 5. h3 Nc6 6. Qe3 Nf6 7. c4 g6 8. Nc3 Bg7 9. Be2 0-0 10. 0-0 Nd7 11. Rb1 b6 12. b3 Bb7 13. Bb2 Rb8 14. Rfd1 Ba8 15. Nd5 Nc5 16. Bxg7 Kxg7 17. e5 Nxe5 18. Nxe5 dxe5 19. Qxe5+ f6 20. Qe3 e5 21. Bg4 h5 22. b4 hxg4 23. bxc5 bxc5 24. Rxb8 Qxb8 25. hxg4 Qd6 26. g5 f5 27. Qe1 Rd8 28. Nc3 Qe7 29. Rxd8 Qxd8 30. Qxe5+ Kh7 31. Qe3 Kg7 32. Ne2 Qd1+ 33. Kh2 Qd6+ 34. Nf4 Kf7 35. f3 Bb7 36. Kg1 Qd1+ 37. Kf2 Qc2+ 38. Qe2 Qxe2+ 39. Kxe2 a5 40. Kd2 Bc6 41. Kc3 Be8 42. Nd3 Ke7 43. Nxc5 Kd6 44. Kd4 1-0

[Event "Doeberl Cup 48th"]
[Site "Canberra"]
[Date "2010.04.03"]
[Round "7"]
[White "Boyd, Tristan"]
[Black "Milligan, Helen"]
[Result "1-0"]
[WhiteElo "2279"]
[BlackElo "2016"]
[PlyCount "65"]
[EventDate "2010.04.01"]
[EventType "swiss"]
[EventRounds "9"]
[EventCountry "AUS"]
[SourceTitle "CBM 135 Extra"]
[Source "ChessBase"]
[SourceDate "2010.05.04"]
[SourceVersion "1"]
[SourceVersionDate "2010.05.04"]
[SourceQuality "1"]

1. e4 e5 2. Nf3 Nc6 3. Bb5 a6 4. Ba4 Nf6 5. 0-0 Be7 6. Re1 b5 7. Bb3 d6 8. c3 0-0 9. h3 Bb7 10. d4 Re8 11. Nbd2 Bf8 12. d5 Nb8 13. Nf1 c6 14. dxc6 Bxc6 15. Bg5 Nbd7 16. N3h2 Qc7 17. Ng3 Qb7 18. Qf3 d5 19. Rad1 dxe4 20. Qf5 Nc5 21. Bxf6 Nxb3 22. axb3 gxf6 23. Nh5 Re6 24. Re3 Be7 25. Qg4+ Kf8 26. Qg7+ Ke8 27. Qh8+ Bf8 28. Ng7+ Ke7 29. Nf5+ Ke8 30. Rg3 e3 31. fxe3 Be4 32. Rg8 Bxf5 33. Rxf8+ 1-0

[Event "Doeberl Cup 48th"]
[Site "Canberra"]
[Date "2010.04.02"]
[Round "4"]
[White "Boyd, Tristan"]
[Black "Stojic, Svetozar"]
[Result "1/2-1/2"]
[WhiteElo "2279"]
[BlackElo "2016"]
[PlyCount "77"]
[EventDate "2010.04.01"]
[EventType "swiss"]
[EventRounds "9"]
[EventCountry "AUS"]
[SourceTitle "CBM 135 Extra"]
[Source "ChessBase"]
[SourceDate "2010.05.04"]
[SourceVersion "1"]
[SourceVersionDate "2010.05.04"]
[SourceQuality "1"]

1. d4 Nf6 2. c4 g6 3. Nc3 Bg7 4. e4 d6 5. f3 0-0 6. Bg5 Na6 7. Qd2 c5 8. d5 e6 9. Nge2 exd5 10. cxd5 h6 11. Be3 Nc7 12. Ng3 Kh7 13. Be2 Rb8 14. 0-0 b5 15. a3 a5 16. a4 bxa4 17. Rxa4 Rb4 18. Rfa1 Rxa4 19. Rxa4 Na6 20. Bxa6 Bxa6 21. Nd1 Nd7 22. Rxa5 Bb7 23. Ra1 Ne5 24. Qe2 Qb6 25. f4 Nd7 26. Nc3 Rb8 27. e5 dxe5 28. f5 Ra8 29. Rd1 Ba6 30. Qf2 Rb8 31. fxg6+ fxg6 32. Nce4 Qb3 33. Qd2 c4 34. Ra1 Bc8 35. Nd6 Nf6 36. Nxc8 Rxc8 37. Ra3 Qb5 38. Ra5 Qb3 39. Ra3 1/2-1/2

[Event "AUS-ch"]
[Site "Parramatta"]
[Date "2008.01.07"]
[Round "7"]
[White "Boyd, Tristan"]
[Black "Antic, Dejan"]
[Result "0-1"]
[WhiteElo "2270"]
[BlackElo "2480"]
[PlyCount "184"]
[EventDate "2008.01.02"]
[EventType "swiss"]
[EventRounds "11"]
[EventCountry "AUS"]
[SourceTitle "CBM 122 Extra"]
[Source "ChessBase"]
[SourceDate "2008.03.04"]
[SourceVersion "1"]
[SourceVersionDate "2008.03.04"]
[SourceQuality "1"]

1. d4 Nf6 2. c4 g6 3. Nc3 Bg7 4. e4 d6 5. f3 0-0 6. Be3 Nbd7 7. Nge2 a6 8. Nc1 c5 9. Nb3 b6 10. Be2 cxd4 11. Nxd4 Bb7 12. 0-0 Rc8 13. Qd2 Re8 14. Rfd1 Qc7 15. Nd5 Qb8 16. Rac1 e6 17. Nxf6+ Nxf6 18. Nb3 d5 19. exd5 exd5 20. Bd4 dxc4 21. Bxc4 Rcd8 22. Qf2 Qf4 23. Qg3 Qxg3 24. hxg3 b5 25. Bf1 Bd5 26. Bc3 Rc8 27. g4 Be6 28. Kf2 Nd7 29. Bxg7 Kxg7 30. Nd4 Bxa2 31. Ra1 Bc4 32. Rxa6 Nc5 33. Raa1 Bxf1 34. Kxf1 b4 35. Rd2 h6 36. Rad1 Na4 37. Ra1 Nb6 38. Rc2 Nd5 39. Kf2 Rxc2+ 40. Nxc2 Nf4 41. Nxb4 Re2+ 42. Kf1 Rxb2 43. g3 Ne2 44. Nd3 Nxg3+ 45. Kg1 Rd2 46. Nf2 Ne2+ 47. Kg2 Nf4+ 48. Kf1 Rc2 49. Ne4 Rb2 50. Ra7 Rb3 51. Kf2 Nd3+ 52. Ke2 Ne5 53. Nc5 Rb5 54. Ne6+ Kf6 55. Nd4 Rb2+ 56. Ke3 Nc4+ 57. Kd3 Ne5+ 58. Ke4 Rb6 59. Rc7 Rb1 60. Ke3 Re1+ 61. Kf2 Nd3+ 62. Kg2 Rd1 63. Ne2 Rd2 64. Kf1 Ne5 65. Rc3 Ra2 66. Kf2 h5 67. gxh5 gxh5 68. f4 Ng6 69. Kf3 Nh4+ 70. Kf2 Kg6 71. Rg3+ Kh6 72. Rc3 f6 73. Rc5 Kg6 74. Kg3 Nf5+ 75. Kf3 h4 76. Rc1 h3 77. Rh1 Ra3+ 78. Kf2 Kh5 79. Rg1 Kh4 80. Rg8 Nh6 81. Rh8 Kh5 82. Ng3+ Kg6 83. Nf1 Ng4+ 84. Kg1 Kf5 85. Rb8 Ra1 86. Rh8 Ne3 87. Kf2 Nxf1 88. Rxh3 Nd2 89. Ke2 Ne4 90. Rh4 Ra2+ 91. Kf3 Ra3+ 92. Ke2 Rb3 0-1

[Event "AUS-ch"]
[Site "Parramatta"]
[Date "2008.01.04"]
[Round "5"]
[White "Boyd, Tristan"]
[Black "Ly, Moulthun"]
[Result "1/2-1/2"]
[WhiteElo "2270"]
[BlackElo "2319"]
[PlyCount "50"]
[EventDate "2008.01.02"]
[EventType "swiss"]
[EventRounds "11"]
[EventCountry "AUS"]
[SourceTitle "CBM 122 Extra"]
[Source "ChessBase"]
[SourceDate "2008.03.04"]
[SourceVersion "1"]
[SourceVersionDate "2008.03.04"]
[SourceQuality "1"]

1. d4 Nf6 2. c4 e6 3. Nc3 Bb4 4. e3 b6 5. Nge2 Ba6 6. a3 Bxc3+ 7. Nxc3 d5 8. b3 dxc4 9. Bxc4 Bxc4 10. bxc4 0-0 11. 0-0 Nc6 12. Bb2 Na5 13. Qe2 Qc8 14. Rac1 c6 15. Nb1 c5 16. Nd2 Re8 17. dxc5 Qxc5 18. Bxf6 gxf6 19. Qg4+ Kh8 20. Qh4 Qg5 21. Qxg5 fxg5 22. c5 Red8 23. Ne4 Nb3 24. Rc3 Nxc5 25. Nxc5 bxc5 1/2-1/2

[Event "WA State-ch"]
[Site "South Perth"]
[Date "2006.08.20"]
[Round "8"]
[White "Galvin, Robert"]
[Black "Boyd, Tristan"]
[Result "0-1"]
[WhiteElo "1819"]
[BlackElo "2247"]
[PlyCount "68"]
[EventDate "2006.07.02"]
[EventType "swiss"]
[EventRounds "9"]
[EventCountry "AUS"]
[SourceTitle "EXT 2008"]
[Source "ChessBase"]
[SourceDate "2007.11.25"]
[SourceVersion "1"]
[SourceVersionDate "2007.11.25"]
[SourceQuality "1"]

1. d4 Nf6 2. c4 g6 3. Nc3 Bg7 4. e4 d6 5. Nf3 0-0 6. Be2 e5 7. 0-0 Na6 8. Re1 c6 9. dxe5 dxe5 10. Nxe5 Nxe4 11. Nxc6 Qxd1 12. Ne7+ Kh8 13. Nxd1 Be6 14. Bf3 Nec5 15. Nd5 Nd3 16. Re2 Rac8 17. N5e3 Nac5 18. Rb1 Ne5 19. Bd5 Bxd5 20. cxd5 f5 21. b3 Ncd3 22. Ba3 Rfe8 23. Rd2 b5 24. Nb2 Nc5 25. Rc1 Ne4 26. Rdc2 Rxc2 27. Rxc2 f4 28. Nf1 a5 29. Nd1 Nd3 30. Nb2 Ndxf2 31. Bc5 Nxc5 32. Rxc5 Bd4 33. Rc2 Ng4+ 34. Kh1 Re1 0-1

[Event "WA State-ch"]
[Site "South Perth"]
[Date "2006.07.09"]
[Round "2"]
[White "Holland, Dennis"]
[Black "Boyd, Tristan"]
[Result "1/2-1/2"]
[WhiteElo "1739"]
[BlackElo "2247"]
[PlyCount "42"]
[EventDate "2006.07.02"]
[EventType "swiss"]
[EventRounds "9"]
[EventCountry "AUS"]
[SourceTitle "EXT 2008"]
[Source "ChessBase"]
[SourceDate "2007.11.25"]
[SourceVersion "1"]
[SourceVersionDate "2007.11.25"]
[SourceQuality "1"]

1. d4 Nf6 2. c4 g6 3. Nc3 Bg7 4. e4 d6 5. Be2 0-0 6. Be3 e5 7. dxe5 dxe5 8. Bc5 Re8 9. Nf3 Qxd1+ 10. Rxd1 Na6 11. Ba3 Bf8 12. Bxf8 Kxf8 13. Nd2 c6 14. Nb3 Be6 15. 0-0 Rad8 16. Na5 Nc5 17. f3 Bc8 18. b4 Ne6 19. c5 Rd4 20. Rxd4 Nxd4 21. Nc4 Be6 1/2-1/2

[Event "Perth Huntingdale Masters"]
[Site "Perth"]
[Date "2006.06.09"]
[Round "8"]
[White "Barber, Haydn J"]
[Black "Boyd, Tristan"]
[Result "1/2-1/2"]
[WhiteElo "2142"]
[BlackElo "2240"]
[PlyCount "111"]
[EventDate "2006.04.21"]
[EventType "tourn"]
[EventRounds "9"]
[EventCountry "AUS"]
[SourceTitle "EXT 2010"]
[Source "ChessBase"]
[SourceDate "2010.11.25"]
[SourceVersion "1"]
[SourceVersionDate "2010.11.25"]
[SourceQuality "1"]

1. e4 c5 2. Nc3 Nc6 3. g3 g6 4. Bg2 Bg7 5. d3 d6 6. Be3 Rb8 7. Qd2 b5 8. Nge2 Nd4 9. 0-0 b4 10. Nd1 Nxe2+ 11. Qxe2 Nf6 12. a3 a5 13. axb4 cxb4 14. e5 dxe5 15. Ba7 Bg4 16. Qxe5 Rc8 17. Ne3 Be6 18. Qxa5 Qxa5 19. Rxa5 Ng4 20. Rc5 Nxe3 21. Rxc8+ Bxc8 22. fxe3 Bxb2 23. Rb1 Ba3 24. Bc5 Be6 25. Bxb4 Ba2 26. Ra1 Bxb4 27. Rxa2 0-0 28. Kf2 Rc8 29. Bd5 Rc7 30. Bb3 e6 31. d4 Bc3 32. Ra6 h5 33. Ba4 Kf8 34. Ke2 Ke7 35. Kd3 Be1 36. c4 Bb4 37. Bb5 e5 38. c5 exd4 39. exd4 Bxc5 40. dxc5 Rxc5 41. Ra7+ Kf8 42. Bc4 Rf5 43. Ke3 Re5+ 44. Kf4 Rf5+ 45. Ke4 Rf2 46. h4 Kg7 47. Ra3 Rb2 48. Ke5 Rb7 49. Bd5 Rc7 50. Rb3 Re7+ 51. Kd6 Ra7 52. Rb7 Rxb7 53. Bxb7 g5 54. hxg5 Kg6 55. Bf3 Kxg5 56. Ke5 1/2-1/2

[Event "Perth Metro CC-chA"]
[Site "Perth"]
[Date "2006.04.21"]
[Round "11"]
[White "Boyd, Tristan"]
[Black "Choong, Yita"]
[Result "1-0"]
[WhiteElo "2264"]
[BlackElo "1737"]
[PlyCount "79"]
[EventDate "2006.02.02"]
[EventType "tourn"]
[EventRounds "11"]
[EventCountry "AUS"]
[SourceTitle "EXT 2010"]
[Source "ChessBase"]
[SourceDate "2010.11.25"]
[SourceVersion "1"]
[SourceVersionDate "2010.11.25"]
[SourceQuality "1"]

1. d4 Nf6 2. c4 g6 3. Nc3 Bg7 4. e4 d6 5. f3 0-0 6. Bg5 Na6 7. Nge2 Qe8 8. Qd2 e5 9. d5 Nd7 10. g4 Ndc5 11. Rg1 Kh8 12. Ng3 f6 13. Be3 Kg8 14. Be2 Kf7 15. 0-0-0 Bd7 16. h4 Qc8 17. Rdf1 Nb4 18. Kb1 a5 19. g5 f5 20. exf5 Bxf5+ 21. Nxf5 Qxf5+ 22. Ne4 Kg8 23. Bxc5 dxc5 24. a3 Na6 25. Bd3 Qf4 26. Qe1 Qf7 27. h5 Qd7 28. hxg6 hxg6 29. Nf6+ Bxf6 30. gxf6 Rxf6 31. Bxg6 Kf8 32. Qh4 Ke7 33. f4 e4 34. Bxe4 Raf8 35. Rg7+ R8f7 36. Rxf7+ Kxf7 37. Qh7+ Ke8 38. Bg6+ Kd8 39. Qh8+ Ke7 40. Re1+ 1-0

[Event "Perth Metro CC-chA"]
[Site "Perth"]
[Date "2006.02.02"]
[Round "1"]
[White "Hardegen, Andrew"]
[Black "Boyd, Tristan"]
[Result "0-1"]
[WhiteElo "1806"]
[BlackElo "2264"]
[PlyCount "38"]
[EventDate "2006.02.02"]
[EventType "tourn"]
[EventRounds "11"]
[EventCountry "AUS"]
[SourceTitle "EXT 2010"]
[Source "ChessBase"]
[SourceDate "2010.11.25"]
[SourceVersion "1"]
[SourceVersionDate "2010.11.25"]
[SourceQuality "1"]

1. d4 Nf6 2. c4 g6 3. Nc3 Bg7 4. e4 d6 5. Nf3 0-0 6. Be2 e5 7. 0-0 exd4 8. Nxd4 Re8 9. f3 c6 10. Kh1 Nbd7 11. Nc2 Nb6 12. Bf4 Be6 13. Ne3 d5 14. cxd5 cxd5 15. Bb5 d4 16. Bxe8 Nxe8 17. Ned5 dxc3 18. Nxc3 Qe7 19. Qe2 Bc4 0-1

[Event "Perth Midland"]
[Site "Perth"]
[Date "2005.10.12"]
[Round "3"]
[White "Boyd, Tristan"]
[Black "Barber, Haydn J"]
[Result "1/2-1/2"]
[WhiteElo "2240"]
[BlackElo "2146"]
[PlyCount "54"]
[EventDate "2005.09.28"]
[EventType "tourn"]
[EventRounds "7"]
[EventCountry "AUS"]
[SourceTitle "EXT 2010"]
[Source "ChessBase"]
[SourceDate "2010.11.25"]
[SourceVersion "1"]
[SourceVersionDate "2010.11.25"]
[SourceQuality "1"]

1. e4 c5 2. Nf3 Nc6 3. d4 cxd4 4. Nxd4 Nf6 5. Nc3 d6 6. Bg5 e6 7. Qd2 a6 8. 0-0-0 Bd7 9. f3 Rc8 10. Kb1 b5 11. Nxc6 Bxc6 12. g4 h6 13. Be3 d5 14. e5 Nd7 15. Bd4 Qc7 16. f4 b4 17. Ne2 h5 18. gxh5 Rxh5 19. Ng3 Rh4 20. Bd3 a5 21. Qf2 Be7 22. f5 Nxe5 23. fxe6 fxe6 24. Rhe1 Nxd3 25. cxd3 Qf4 26. Qxf4 Rxf4 27. Bxg7 Kd7 1/2-1/2